00579nam a2200145Ia 4500008004100000024005600041082001600097100007600113110002000189245005600209260002600265600002200291650003300313856008700346260210s9999 xx 000 0 und d a20B-010-PE, 20B-007-PE, 19B-042-PE & 17B-043-EE a621.072 MUH aMuhammad Qamar Ali, Syed Ali Hassan, Hanzala Zahid & Nabil Khurshid aDr. Abdul Qadir 0aSmart Solar Electrical System for Small House/Tents aKarachi:bUITU,c2020 aPower Engineering aBachelor of Engineering (BE) uhttps://drive.google.com/file/d/1m4C4KWXOVbcEruPUtQ8XB1AkKd6UVGfi/view?usp=sharing